00592nam a2200169 i 4500001000300000245011900003260002100122700002700143040000800170041000800178080001200186942000700198008004100205999001700246856009800263952006100361bg 0aAtlas ras zwierząt gospodarskich (bydło, konie, świnie, owce) :bpraca zbiorowa /cpod red. Juraja Gabriša. aWarszawa,c1975.1 aGabriš, Juraj.eRed. cBPK apol a636:591 cKS s pl f |000 0 pol  c18157d18157 uhttp://koha.tu.koszalin.pl/cgi-bin/koha/opac-detail.pl?biblionumber=18157yKatalog online BPK 00104070aBPKbBPKcwo24010p01690002s2013-10-16yKS